Normal view
MARC view
- Kubr, Milan
Entry Personal Name
001 - CONTROL NUMBER
- control field: 44747
003 - CONTROL NUMBER IDENTIFIER
- control field: NUST
005 - DATE AND TIME OF LATEST TRANSACTION
- control field: 20210314133045.0
008 - FIXED-LENGTH DATA ELEMENTS
- fixed length control field: 210314|| aca||aabn | a|a d
040 ## - CATALOGING SOURCE
- Original cataloging agency: NUST
- Transcribing agency: NUST
100 ## - HEADING--PERSONAL NAME
- Personal name: Kubr, Milan
670 ## - SOURCE DATA FOUND
- Source citation: Work cat.: (NUST): Kubr, Milan., Successes and failures in meeting the management challenge :, c1983.
